Black water the Rise of the World’s Most Powerful Mercenary Army / (Record no. 523082)
[ view plain ]
| 000 -LEADER | |
|---|---|
| fixed length control field | 01405nam a2200145Ia 4500 |
| 003 - CONTROL NUMBER IDENTIFIER | |
| control field | NUST |
| 008 - FIXED-LENGTH DATA ELEMENTS--GENERAL INFORMATION | |
| fixed length control field | 190125s9999 xx 000 0 und d |
| 082 ## - DEWEY DECIMAL CLASSIFICATION NUMBER | |
| Classification number | 355.3540973 SCA |
| 100 ## - MAIN ENTRY--PERSONAL NAME | |
| Personal name | Scahill, Jeremy |
| 9 (RLIN) | 13158 |
| 245 ## - TITLE STATEMENT | |
| Title | Black water the Rise of the World’s Most Powerful Mercenary Army / |
| Statement of responsibility, etc. | Jeremy Scahill |
| 260 ## - PUBLICATION, DISTRIBUTION, ETC. | |
| Name of publisher, distributor, etc. | Nation Books, New York |
| 260 ## - PUBLICATION, DISTRIBUTION, ETC. | |
| Date of publication, distribution, etc. | 2008 |
| 505 ## - FORMATTED CONTENTS NOTE | |
| Formatted contents note | The Face Of Blackwater Introduction (Page-3), Baghdad’s Bloody Sunday (Page-49), Making A Killing (Page-65), The Little Prince (Page-89), Blackwater Begins (Page-113), Fallujah Before Blackwater (Page-125), Guarding Bush’s Man In Baghdad (Page-145), Scotty Goes To War (Page-155), The Ambush (Page-169), “We Will Pacify Fallujah” (Page-181), Najaf, Iraq: 4.04.04 (Page-197), “This Is For The Americans Of Blackwater” Contents (Page-209), Mr. Prince Goes To Washington (Page-231), Caspian Pipeline Dreams (Page-245), Blackwater’s Man In Chile (Page-275), “The Whores Of War” (Page-305), The Crash Of Blackwater 61 (Page-329), Cofer Black: The Gloves Come Off (Page-349), Death Squads, Mercenaries, And The “Salvador Option” (Page-365), Joseph Schmitz: Christian Soldier (Page-389), Blackwater Down: Baghdad On The Bayou (Page-409), “The Knights Of The Round Table” Epilogue (Page-447), Blackwater Beyond Bush (Page-465). |
| 942 ## - ADDED ENTRY ELEMENTS (KOHA) | |
| Source of classification or shelving scheme | |
| Koha item type | Book |
| Call number prefix | 355.3540973,SCA |
| Withdrawn status | Lost status | Source of classification or shelving scheme | Damaged status | Not for loan | Permanent Location | Current Location | Shelving location | Date acquired | Total Checkouts | Full call number | Barcode | Date last seen | Date last checked out | Price effective from | Koha item type | Public note |
|---|---|---|---|---|---|---|---|---|---|---|---|---|---|---|---|---|
| Military College of Signals (MCS) | Military College of Signals (MCS) | General Stacks | 10/11/2022 | 2 | 355.3540973,SCA | MCS38552 | 10/31/2022 | 10/21/2022 | 10/11/2022 | Book | Almirah Fresh No.44, Shelf No.3 | |||||
| Military College of Signals (MCS) | Military College of Signals (MCS) | General Stacks | 01/14/2023 | 355.3540973,SCA | MCS38551 | 01/14/2023 | 01/14/2023 | Book | Almirah Fresh No.44, Shelf No.3 |
